Score 0/15 Timer 05:00
0 Plays Today
Mixed Words & Mixed Up Album % Correct
LEHL FO TAB UTOBat Out of Hell
91%
NUR HET NO NBDABand on the Run
89.1%
OMON HET HET KRAD DIES FOThe Dark Side of the Moon
83.6%
LILP GADGEJ TILELTJagged Little Pill
81.3%
GRENSIF YIKTCSSticky Fingers
80%
GINTH REEFV YADRUTASSaturday Night Fever
76.6%
YEK FO FILE GONSS NI HETSongs in the Key of Life
75.7%
KRIBC DORA OBEYDOG OWLLEYGoodbye Yellow Brick Road
62%
Mixed Words & Mixed Up Album % Correct
HET TABE NAD TUBEYABeauty and the Beat
60.9%
NAD MUH ALERTTRattle and Hum
57.5%
ROOD NI GRUTHOH HET UTOIn Through the Out Door
55.9%
WONT FO NO RANKSEDS HET GEDEDarkness on the Edge of Town
37.1%
PL HET RAMSHET HAMSLARLThe Marshall Mathers LP
33.5%
SOOLFM SPOIRN TAAt Folsom Prison
29.8%
ED CLANB GAGTETRAReggatta de Blanc
12.5%

You're not logged in!

Compare scores with friends on all Sporcle quizzes.
OR
Log In

Sporcle TV

Today on Sporcle TV


Watch our educational content, quiz creation guides, and fun videos on Sporcle TV.

Show Comments

Extras

Top Quizzes Today


Score Distribution

Your Account Isn't Verified!

In order to create a playlist on Sporcle, you need to verify the email address you used during registration. Go to your Sporcle Settings to finish the process.

Report this User

Report this user for behavior that violates our Community Guidelines.

Details: